Charakterizácia hydrofóbnej membrány Sartobind Phenyl c Michal Canev

Gespeichert in:
Bibliographische Detailangaben
1. Verfasser: Canev, Michal
Format: Buch
Sprache:Slowakisch
Veröffentlicht: Bratislava STU FCHPT 2009
Online-Zugang:Im OPAC anzeigen
Tags: Tag hinzufügen
Keine Tags, Fügen Sie das erste Tag hinzu!

MARC

LEADER 00000nam a2200000 a 4500
005 20260127134230.0
008 090703 2009 xo 000 0 slo d
035 |a vtls009624032 
039 9 |y 200907030917  |z mschk03 
040 |a STUSCHK1  |b slo  |c STUSCHK1  |e AACR2 
100 1 |a Canev, Michal 
245 1 |a Charakterizácia hydrofóbnej membrány Sartobind Phenyl c Michal Canev 
260 |a Bratislava  |b STU FCHPT  |c 2009 
300 |a 76 s.  |b il.  |c 30cm 
500 |a Obháj.: 9.6. 2009 
500 |a Študijný program: chemické inžinierstvo a riadenie procesov 
500 |a Zameranie: chemické inžinierstvo 
500 |a Miesto vypracovania: Oddelenie chemického a biochemického inžinierstva, FCHPT STU 
500 |a Študijný odbor: 5.2.17 chemické inžinierstvo 
910 |a SCHK95 
999 |c 7336  |d 7336